Manual de usuario del Programador: Sistema web para la elaboración de encuestas para el programa de seguimiento a graduados de la Universidad Nacional de Ingeniería.

Presenta un manual de usuario para poder utilizar la aplicación web no necesita tener conocimientos de programación, este permite crear y editar diferentes tipos de encuestas que se utilizaran para diferentes funciones.

Bibliographic Details
Main Author: Roa Gómez, Kevin Gabriel
Other Authors: Tutor: Flores Quintanilla, Gloria Thalía
Format: Tesis Section = Libro
Language:Undetermined
Spanish
Published: Managua UNI 2019
Subjects:
LEADER 01116nam a2200265Ia 4500
008 240830s9999 xx 000 0 und d
040 |a BIBLIOTECA-RUSB/ Mon 005.1 R628ma 
041 |a spa 
082 |a Mon 005.1 R628ma 
100 1 |a Roa Gómez, Kevin Gabriel 
245 1 0 |a Manual de usuario del Programador: Sistema web para la elaboración de encuestas para el programa de seguimiento a graduados de la Universidad Nacional de Ingeniería. 
260 |a Managua  |b UNI  |c 2019 
300 |a 65 p. :il. 
500 |a Contiene anexos. 
502 |a Tesis (Ingeniero en Computación) - UNI, 2019. 
520 3 |a Presenta un manual de usuario para poder utilizar la aplicación web no necesita tener conocimientos de programación, este permite crear y editar diferentes tipos de encuestas que se utilizaran para diferentes funciones. 
650 7 |a SISTEMA WEB 
650 7 |b  DESARROLLO DE SISTEMA WEB 
650 7 |c  BASE DE DATOS 
650 7 |d  PROGRAMAS DE APLICACION 
650 7 |e  MANUAL DE USUARIO 
700 1 |a Tutor:  |b Flores Quintanilla, Gloria Thalía 
942 |c BK  |2 ddc 
991 |a TESIS 
999 |c 19698